[Event "London Classic Superrapid"]
[Site "London ENG"]
[Date "2015.12.12"]
[Round "3.20"]
[White "Rowson, Jonathan"]
[Black "Malhotra, Tarun"]
[Result "1-0"]
[WhiteTitle "GM"]
[WhiteElo "2569"]
[BlackElo "2052"]
[WhiteFideId "2400561"]
[BlackFideId "5020549"]
[EventDate "2015.12.12"]

1. d4 d5 2. Bf4 Nf6 3. e3 g6 4. c4 c6 5. Nc3 Bg7 6. Nf3 O-O 7. h3 Nbd7 8. Rc1
Nb6 9. c5 Nbd7 10. Bh2 Re8 11. Bd3 Nf8 12. Qc2 N6d7 13. O-O e5 14. Nxe5 Nxe5 15.
Bxe5 Bxe5 16. dxe5 Rxe5 17. e4 dxe4 18. Nxe4 Bf5 19. Nd6 Bxd3 20. Qxd3 Ne6 21.
b4 Nf4 22. Qf3 Ne2+ 23. Kh1 Qe7 24. Rcd1 a5 25. a3 axb4 26. axb4 Kg7 27. Rd2 Rd8
28. Rfd1 Kg8 29. Nf5 Rxf5 30. Rxd8+ Kg7 31. Qe3 Re5 32. Qd2 Qh4 33. Qd6 Re7 34.
Ra1 Kh6 35. Qd2+ Kg7 36. Qb2+ Kh6 37. Rf1 f6 38. Qd2+ Nf4 39. Rd4 g5 40. Re1 Rg7
41. Re3 Qh5 42. Rd7 Qg6 43. Rxg7 Qxg7 44. Qd6 Nd5 45. Re6 Qg6 46. b5 Qf5 47.
bxc6 bxc6 48. Qxc6 Kg6 49. Qe8+ Kh6 50. Qf8+ 1-0

[Event "London Classic Superrapid"]
[Site "London ENG"]
[Date "2015.12.12"]
[Round "4.1"]
[White "Howell, David W L"]
[Black "Vakhidov, Jahongir"]
[Result "1-0"]
[WhiteTitle "GM"]
[BlackTitle "GM"]
[WhiteElo "2693"]
[BlackElo "2546"]
[WhiteFideId "410608"]
[BlackFideId "14201801"]
[EventDate "2015.12.12"]

1. c4 e5 2. Nc3 Nc6 3. g3 Bc5 4. Bg2 a6 5. e3 Ba7 6. Nge2 d6 7. b3 Nge7 8. Bb2
h5 9. h4 Bf5 10. d3 Qd7 11. Qd2 Rb8 12. Ne4 f6 13. N2c3 Bg4 14. Rc1 O-O 15. Nd5
Ng6 16. O-O Nd8 17. d4 c6 18. Ndc3 exd4 19. exd4 Nf7 20. Kh2 b5 21. cxb5 axb5
22. Ne2 d5 23. Nc5 Qd6 24. Kg1 Rfe8 25. Rfe1 Re7 26. Nd3 Rbe8 27. Nef4 Nxf4 28.
Nxf4 g5 29. Rxe7 Rxe7 30. hxg5 fxg5 31. Nd3 Re2 32. Qa5 Bb8 33. Ba3 Qd8 34. Qa8
Rxa2 35. Nb4 Rxf2 36. Nxc6 Qf6 37. Qxb8+ Kh7 38. Bxd5 Bf3 39. Kxf2 Bxd5+ 40. Ke1
Bxc6 41. Qc8 Be4 42. Qc3 h4 43. Qe3 Qf5 44. gxh4 g4 45. Kd2 Kg6 46. Rc5 Bd5 47.
Kc3 Nd6 48. Kb4 Ne4 49. Bc1 Nxc5 50. dxc5 Kf7 51. Qf4 Qxf4+ 52. Bxf4 Kg6 53.
Kxb5 Bxb3 54. c6 Kf5 55. c7 Be6 56. Bg3 Ke4 57. Kc6 Bc8 58. Kd6 Kf3 59. Be1 Ke2
60. Bg3 Kf3 61. Be5 Ke4 62. Bh2 1-0

[Event "London Classic Superrapid"]
[Site "London ENG"]
[Date "2015.12.12"]
[Round "4.2"]
[White "Melkumyan, Hrant"]
[Black "Arkell, Keith C"]
[Result "1-0"]
[WhiteTitle "GM"]
[BlackTitle "GM"]
[WhiteElo "2632"]
[BlackElo "2499"]
[WhiteFideId "13302485"]
[BlackFideId "400270"]
[EventDate "2015.12.12"]

1. c4 c5 2. Nf3 Nf6 3. Nc3 Nc6 4. g3 g6 5. Bg2 Bg7 6. d4 cxd4 7. Nxd4 Nxd4 8.
Qxd4 d6 9. O-O O-O 10. Qd3 Nd7 11. b3 Nc5 12. Qd2 Rb8 13. Bb2 b6 14. b4 Nd7 15.
Nd5 Bxb2 16. Qxb2 Bb7 17. Rfd1 e6 18. Ne3 Bxg2 19. Kxg2 Qc7 20. Qd4 Ne5 21. Qxd6
Rbc8 22. Rac1 Qxd6 23. Rxd6 Rc7 24. f4 Nc6 25. a3 Ne7 26. g4 h5 27. gxh5 Nf5 28.
Nxf5 gxf5 29. Kf3 Rfc8 30. Rd4 Kg7 31. c5 bxc5 32. Rdc4 Rh8 33. Rxc5 Rd7 34. Rc7
Rhd8 35. Rxd7 Rxd7 36. Rc5 Kh6 37. Rc6 Kxh5 38. b5 Kh4 39. Rc8 Kh5 40. a4 Rd4
41. a5 Rb4 42. Rb8 Ra4 43. a6 Kg6 44. Rb7 Rb4 45. h4 f6 46. Rb8 Ra4 47. Rg8+ Kh6
48. Rh8+ 1-0

[Event "London Classic Superrapid"]
[Site "London ENG"]
[Date "2015.12.12"]
[Round "4.3"]
[White "Hebden, Mark L"]
[Black "Shah, Sagar"]
[Result "1-0"]
[WhiteTitle "GM"]
[BlackTitle "IM"]
[WhiteElo "2467"]
[BlackElo "2441"]
[WhiteFideId "400084"]
[BlackFideId "5022509"]
[EventDate "2015.12.12"]

1. d4 Nf6 2. Nf3 e6 3. e3 c5 4. c4 cxd4 5. exd4 d5 6. Nc3 Bb4 7. cxd5 Nxd5 8.
Qc2 Nc6 9. a3 Be7 10. Bd3 Nf6 11. O-O O-O 12. Bg5 h6 13. Be3 Ng4 14. Rad1 Nxe3
15. fxe3 b6 16. Qe2 Bb7 17. Bb1 Qe8 18. Kh1 Rd8 19. e4 e5 20. d5 Nd4 21. Nxd4
exd4 22. Nb5 Bd6 23. Nxd4 Be5 24. Nf3 Bc8 25. Nxe5 Qxe5 26. Bd3 Rfe8 27. Qd2 Re7
28. Rc1 Kh8 29. Qc3 f5 30. exf5 Qxc3 31. Rxc3 Re5 32. Bc4 Bxf5 33. Kg1 g6 34. h3
h5 35. Rd1 Rd6 36. Bb3 Re7 37. Rc6 Red7 38. Rxd6 Rxd6 39. Kf2 Kg7 40. Ke3 Kf6
41. Kd4 h4 42. Rc1 Rd7 43. Rc6+ Kg5 44. Rc3 Kf6 45. Bc2 Be6 46. Be4 Bf7 47. Bf3
Ke7 48. Ke5 Kd8 49. d6 1-0

[Event "London Classic Superrapid"]
[Site "London ENG"]
[Date "2015.12.12"]
[Round "4.6"]
[White "Ghasi, Ameet K"]
[Black "Dragun, Kamil"]
[Result "1-0"]
[WhiteTitle "IM"]
[BlackTitle "GM"]
[WhiteElo "2469"]
[BlackElo "2564"]
[WhiteFideId "409200"]
[BlackFideId "1134167"]
[EventDate "2015.12.12"]

1. Nf3 Nf6 2. g3 g6 3. Bg2 Bg7 4. O-O O-O 5. d4 d5 6. c4 c6 7. cxd5 cxd5 8. Ne5
e6 9. Nc3 Nfd7 10. Nf3 Nc6 11. Bf4 Nb6 12. Rc1 a6 13. b3 Bd7 14. Qd2 Rc8 15. Bd6
Re8 16. e4 Ne7 17. Be5 f6 18. Bf4 dxe4 19. Nxe4 Rxc1 20. Rxc1 Bc6 21. Nd6 Rf8
22. Qe2 Qd7 23. Re1 Ned5 24. Qxe6+ Qxe6 25. Rxe6 Nxf4 26. gxf4 Nd5 27. Nd2 Nxf4
28. Bxc6 bxc6 29. Re4 Nd5 30. N6c4 f5 31. Re6 Bxd4 32. Rxc6 Nb4 33. Re6 Rf6 34.
Re2 Kg7 35. Nf3 Bc3 36. Ng5 Nd5 37. Re8 Bb4 38. Nf3 Nf4 39. Nfe5 Re6 40. Rxe6
Nxe6 41. Nd3 Bc3 42. b4 g5 43. a4 Nd4 44. Ne3 h5 45. Nd5 Bd2 46. Nc5 Kf7 47.
Nxa6 Ke6 48. Nb6 g4 49. Nc5+ Ke7 50. Nd3 Nc6 51. b5 Na5 52. Nd5+ Kd6 53. N5f4 h4
54. Ng2 h3 55. Ne3 Ke6 56. Kf1 Nb3 57. Nc4 Bg5 58. a5 Nd4 59. b6 Kd7 60. Nc5+
Kc6 61. Ne5+ Kxc5 62. b7 Nc6 63. Nxc6 Bf4 64. b8=Q Bxb8 65. Nxb8 Kb5 66. Nd7
Kxa5 67. f3 Kb5 68. fxg4 fxg4 69. Nf6 1-0

[Event "London Classic Superrapid"]
[Site "London ENG"]
[Date "2015.12.12"]
[Round "4.7"]
[White "Wells, Peter K"]
[Black "Grigoriants, Sergey"]
[Result "1/2-1/2"]
[WhiteTitle "GM"]
[BlackTitle "GM"]
[WhiteElo "2442"]
[BlackElo "2603"]
[WhiteFideId "400327"]
[BlackFideId "4130804"]
[EventDate "2015.12.12"]

1. d4 Nf6 2. Nf3 g6 3. c4 Bg7 4. Nc3 d5 5. cxd5 Nxd5 6. e4 Nxc3 7. bxc3 c5 8.
Rb1 O-O 9. Be2 cxd4 10. cxd4 Qa5+ 11. Bd2 Qxa2 12. O-O b6 13. Qc1 Bb7 14. Bc4
Qa4 15. Bb5 Qa2 16. Re1 Rc8 17. Qd1 Qc2 18. Qe2 Nc6 19. Bd3 Qa2 20. Bc4 Qa4 21.
Bb5 Qa2 22. Bc4 Qa4 23. Bb5 Qa2 24. Bc4 1/2-1/2

[Event "London Classic Superrapid"]
[Site "London ENG"]
[Date "2015.12.12"]
[Round "4.8"]
[White "Jones, Gawain C B"]
[Black "Cox, John J"]
[Result "1-0"]
[WhiteTitle "GM"]
[BlackTitle "IM"]
[WhiteElo "2615"]
[BlackElo "2346"]
[WhiteFideId "409561"]
[BlackFideId "401064"]
[EventDate "2015.12.12"]

1. c4 c5 2. Nf3 Nc6 3. Nc3 e5 4. e3 f5 5. d4 e4 6. d5 exf3 7. dxc6 dxc6 8. Bd2
fxg2 9. Bxg2 Nf6 10. Qc2 Be6 11. Ne2 Bd6 12. O-O-O Qe7 13. Nf4 O-O-O 14. Qa4 Kb8
15. Ba5 Rd7 16. Nxe6 Qxe6 17. Rd3 Bc7 18. Rxd7 Nxd7 19. Rd1 Bxa5 20. Qxa5 Qxc4+
21. Kb1 Nb6 22. Qd2 a6 23. Qd6+ Ka7 24. Bxc6 Rc8 25. Bf3 Qh4 26. Bh1 Qb4 27. Qe7
Na4 28. Rd2 Re8 29. Qd7 Nc3+ 30. Kc1 Nxa2+ 31. Kc2 Rb8 32. Qd5 c4 33. Qd4+ Ka8
34. Kb1 Qa5 35. Bd5 c3 36. Rc2 Nb4 37. Qxc3 Qxd5 38. Qxb4 Qh1+ 39. Ka2 Qxh2 40.
Qc5 Qh3 41. Qd5 Qg4 42. f4 Qg6 43. Rc7 h5 44. Rd7 h4 45. Rd6 Qxd6 46. Qxd6 h3
47. Qg6 Rh8 48. Qxg7 Rh4 49. Qf8+ Ka7 50. Qc5+ Ka8 51. Qd4 Rh5 52. Qd1 Rh8 53.
Qh1 h2 54. Kb3 Kb8 55. Kc4 Kc7 56. Kd5 a5 57. Ke5 b5 58. Kxf5 Kd6 59. e4 a4 60.
e5+ Kc5 61. e6 b4 62. e7 a3 63. bxa3 bxa3 64. Ke6 a2 65. Qc1+ 1-0

[Event "London Classic Superrapid"]
[Site "London ENG"]
[Date "2015.12.12"]
[Round "4.9"]
[White "Haria, Ravi"]
[Black "Jumabayev, Rinat"]
[Result "1/2-1/2"]
[WhiteTitle "FM"]
[BlackTitle "GM"]
[WhiteElo "2445"]
[BlackElo "2599"]
[WhiteFideId "415820"]
[BlackFideId "13702661"]
[EventDate "2015.12.12"]

1. Nf3 Nf6 2. g3 d5 3. Bg2 Bg4 4. c4 c6 5. Ne5 Be6 6. cxd5 Bxd5 7. Nf3 c5 8. Nc3
Bc6 9. O-O Nbd7 10. d3 e6 11. e4 Be7 12. Re1 O-O 13. d4 cxd4 14. Nxd4 Ne5 15.
Bf4 Nfd7 16. Qe2 Bb4 17. Rad1 Qe7 18. Nxc6 bxc6 19. Be3 Nb6 20. Bd4 Ned7 21. a3
Bc5 22. Bxc5 Nxc5 23. e5 Nd5 24. Qc4 Rac8 25. b4 Nd7 26. Rc1 N7b6 27. Qb3 c5 28.
Nxd5 exd5 29. Bxd5 cxb4 30. Rxc8 Rxc8 31. axb4 Nxd5 32. Qxd5 Qxb4 33. Re3 Qc5
34. Qd7 h6 35. e6 fxe6 36. Qxe6+ Kh8 37. Re5 Qc3 38. h4 Rb8 39. Kg2 a5 40. Qd6
Qb4 41. Qd7 a4 42. Re8+ Rxe8 43. Qxe8+ Kh7 44. h5 a3 45. Qg6+ Kg8 46. Qe6+ Kf8
47. Qc8+ Kf7 48. Qd7+ Kg8 49. Qe6+ Kf8 50. Qc8+ Ke7 51. Qc7+ Kf6 52. Qc6+ Ke5
53. Qc7+ Kd5 54. Qxg7 Qb2 55. Qf7+ Kc5 56. Qe7+ Kc4 57. Qe6+ Kb4 58. Qb6+ Ka4
59. Qa6+ Kb3 60. Qb6+ Kc2 61. Qg6+ Kc3 62. Qc6+ Kd3 63. Qg6+ Ke2 64. Qe6+ Kd1
65. Qd6+ Kc2 66. Qg6+ Kc3 67. Qc6+ Kd3 68. Qg6+ Kc4 69. Qc6+ Kb4 70. Qb6+ Ka4
71. Qa6+ Kb3 72. Qe6+ Kc3 73. Qc6+ Kd3 74. Qg6+ Ke2 75. Qe6+ Kd1 76. Qd6+ Ke1
77. Qe7+ Kd1 78. Qd6+ Kc2 79. Qg6+ Kb3 80. Qe6+ Kb4 81. Qb6+ Kc4 82. Qc6+ Kd3
83. Qg6+ Ke2 84. Qe6+ Kd1 85. Qd6+ Ke1 86. Qe7+ Kd1 87. Qd6+ 1/2-1/2

[Event "London Classic Superrapid"]
[Site "London ENG"]
[Date "2015.12.12"]
[Round "4.11"]
[White "Georgescu, Tiberiu-Marian"]
[Black "Speelman, Jon S"]
[Result "1-0"]
[WhiteTitle "GM"]
[BlackTitle "GM"]
[WhiteElo "2453"]
[BlackElo "2517"]
[WhiteFideId "1213300"]
[BlackFideId "400033"]
[EventDate "2015.12.12"]

1. d4 e6 2. Nf3 c5 3. g3 b5 4. Bg2 Bb7 5. O-O Nf6 6. Na3 a6 7. c4 cxd4 8. cxb5
Bxa3 9. bxa3 axb5 10. Rb1 O-O 11. Rxb5 Bc6 12. Nxd4 Bxg2 13. Kxg2 d5 14. a4 Ne4
15. Qc2 Nd6 16. Bf4 Nxb5 17. axb5 Qf6 18. Bd6 Qxd4 19. Bxf8 Nd7 20. Bd6 Nb6 21.
Bc5 Qc4 22. Qxc4 Nxc4 23. Rb1 Na5 24. Bb4 Nc4 25. Bc5 Na5 26. Rc1 h5 27. b6 Nb7
28. Bd4 Rxa2 29. Rc8+ Kh7 30. Rc7 Ra4 31. e3 Nd6 32. Bc5 Ne4 33. b7 Ra2 34. b8=Q
Rxf2+ 35. Kg1 Rf5 36. Bb4 1-0

[Event "London Classic Superrapid"]
[Site "London ENG"]
[Date "2015.12.12"]
[Round "4.12"]
[White "Summerscale, Aaron P"]
[Black "Williams, Simon K"]
[Result "0-1"]
[WhiteTitle "GM"]
[BlackTitle "GM"]
[WhiteElo "2418"]
[BlackElo "2439"]
[WhiteFideId "400980"]
[BlackFideId "404454"]
[EventDate "2015.12.12"]

1. Nf3 d5 2. d4 e6 3. g3 c5 4. Bg2 cxd4 5. O-O Nf6 6. Nxd4 e5 7. Nf3 Nc6 8. c4
d4 9. b4 e4 10. Ng5 Bxb4 11. Nxe4 Nxe4 12. Bxe4 O-O 13. Nd2 Bh3 14. Bg2 Bxg2 15.
Kxg2 Re8 16. Rb1 Qe7 17. Nf3 Rad8 18. Bd2 Bc5 19. Re1 b6 20. Qc2 h6 21. Rb3 Qe4
22. Qxe4 Rxe4 23. Kf1 g5 24. h3 f6 25. a3 a5 26. a4 h5 27. e3 d3 28. Bc3 Kf7 29.
Nd2 Ree8 30. Rd1 g4 31. h4 f5 32. Nb1 Re4 33. Nd2 Re6 34. Nb1 Red6 35. Bb2 Nb4
36. Ba3 Na6 37. Nc3 Bxa3 38. Rxa3 Nb4 39. Nb5 Rc6 40. Nd4 Rc5 41. Nb3 Rxc4 42.
Nc1 Ke6 43. Nxd3 Nxd3 44. Raxd3 Rxd3 45. Rxd3 Rxa4 46. Rd8 Rb4 47. Ke2 Rb2+ 48.
Kd3 a4 49. Ra8 b5 50. Kc3 Rxf2 51. Ra5 Re2 52. Rxb5 Rxe3+ 53. Kd4 Rxg3 54. Rb6+
Kd7 55. Ke5 Rf3 56. Ra6 a3 57. Kd5 Kc7 58. Kc5 Rc3+ 59. Kb4 Rc6 0-1

[Event "London Classic Superrapid"]
[Site "London ENG"]
[Date "2015.12.12"]
[Round "4.13"]
[White "Arakhamia-Grant, Ketevan"]
[Black "Rowson, Jonathan"]
[Result "1-0"]
[WhiteTitle "GM"]
[BlackTitle "GM"]
[WhiteElo "2353"]
[BlackElo "2569"]
[WhiteFideId "13600168"]
[BlackFideId "2400561"]
[EventDate "2015.12.12"]

1. e4 c6 2. d4 d5 3. Nc3 dxe4 4. Nxe4 Bf5 5. Ng3 Bg6 6. h4 h6 7. Nf3 Nd7 8. h5
Bh7 9. Bd3 Bxd3 10. Qxd3 e6 11. Bf4 Qa5+ 12. Bd2 Bb4 13. c3 Be7 14. c4 Qc7 15.
O-O-O Ngf6 16. Rhe1 O-O 17. Ne5 Rad8 18. Qe2 b5 19. Kb1 bxc4 20. Ng6 Rfe8 21.
Nxe7+ Rxe7 22. Qxc4 Nb6 23. Qe2 Red7 24. Be3 Nbd5 25. Bc1 c5 26. dxc5 Qxc5 27.
f3 Qc7 28. Ne4 Nxh5 29. g4 Nhf4 30. Qh2 Ng6 31. Qh5 Nb4 32. Rxd7 Qxd7 33. Nc5
Qc6 34. a3 Nc2 35. Kxc2 Rd5 36. Qh2 Rxc5+ 37. Kb1 Qxf3 38. Qb8+ Kh7 39. Qxa7 Qf2
40. Ka2 1-0

[Event "London Classic Superrapid"]
[Site "London ENG"]
[Date "2015.12.12"]
[Round "4.14"]
[White "Hamitevici, Vladimir"]
[Black "Hillarp Persson, Tiger"]
[Result "1/2-1/2"]
[WhiteTitle "IM"]
[BlackTitle "GM"]
[WhiteElo "2430"]
[BlackElo "2539"]
[WhiteFideId "13902393"]
[BlackFideId "1700812"]
[EventDate "2015.12.12"]

1. d4 g6 2. e4 Bg7 3. Nf3 d6 4. Bd3 Nf6 5. O-O O-O 6. Re1 Nc6 7. c3 e5 8. h3 h6
9. Na3 Nh7 10. Nc2 a5 11. a4 Re8 12. Be3 Nf6 13. d5 Ne7 14. Nd2 Nh7 15. f4 exf4
16. Bxf4 g5 17. Bg3 f5 18. exf5 Nxf5 19. Bf2 Rf8 20. Nf3 Nf6 21. Nfd4 Nxd4 22.
Nxd4 Nxd5 23. Bc4 c6 24. Ne6 Bxe6 25. Rxe6 Rf5 26. Qh5 Qf8 27. Bd4 Bxd4+ 28.
cxd4 Rf6 29. Rae1 Qf7 30. Qxf7+ Kxf7 31. Re7+ Kg6 32. Rxb7 Nb4 33. Ree7 Kf5 34.
Be2 Rff8 35. Bg4+ Kg6 36. Rbd7 Nd5 37. Rxd6+ Rf6 38. Ree6 Rb8 39. Bf3 Rxe6 40.
Rxe6+ Nf6 41. Rxc6 Rxb2 42. Ra6 Rb4 43. Rxa5 Rxd4 44. Kf2 h5 45. Ke3 Rb4 46. Ra6
g4 47. hxg4 hxg4 48. Ba8 Kg5 49. a5 Ra4 50. Bc6 Ra3+ 51. Kd4 Kh4 52. Ra8 Nh5 53.
a6 Nf4 54. Bb7 Kg3 55. Rg8 Nxg2 56. Kc5 Ne3 57. Kb6 Kf2 58. Kc7 g3 59. Rf8+ Ke2
60. Kb8 g2 61. Rg8 Rxa6 62. Rxg2+ Nxg2 63. Bxa6+ 1/2-1/2

[Event "London Classic Superrapid"]
[Site "London ENG"]
[Date "2015.12.12"]
[Round "4.16"]
[White "Kasimdzhanov, Rustam"]
[Black "Pert, Richard G"]
[Result "1/2-1/2"]
[WhiteTitle "GM"]
[BlackTitle "IM"]
[WhiteElo "2702"]
[BlackElo "2448"]
[WhiteFideId "14200244"]
[BlackFideId "404748"]
[EventDate "2015.12.12"]

1. d4 d5 2. c4 e6 3. Nc3 c5 4. cxd5 cxd4 5. Qa4+ Bd7 6. Qxd4 exd5 7. Nf3 Nc6 8.
Qd3 Nb4 9. Qd1 Nf6 10. a3 Nc6 11. e3 Bg4 12. Be2 Bd6 13. h3 Bh5 14. O-O O-O 15.
Nh4 Bxe2 16. Nxe2 Re8 17. Nf3 Ne4 18. b3 Qf6 19. Rb1 Rad8 20. Bb2 Qg6 21. Rc1
Bb8 22. Ned4 Ne5 23. Qe2 Nxf3+ 24. Nxf3 a6 25. Rfd1 h6 26. Qd3 Qh5 27. Qd4 f6
28. Qb4 Qf7 29. Rc2 Bd6 30. Qa5 Bb8 31. Rdc1 Qe7 32. Bd4 Qd6 33. Qb6 Qe7 34. a4
Kh7 35. Kf1 Qd7 36. Qa5 Qd6 37. Qe1 Qe6 38. Qd1 Qf5 39. Kg1 Qe6 40. Qd3 Kh8 41.
a5 Rc8 42. b4 Rxc2 43. Qxc2 Qd7 44. Bb6 Bd6 45. Qb3 Qb5 46. Nd4 Qxb4 47. Qxb4
Bxb4 1/2-1/2

[Event "London Classic Superrapid"]
[Site "London ENG"]
[Date "2015.12.12"]
[Round "4.17"]
[White "Fernandez, Daniel Howard"]
[Black "Bauer, Christian"]
[Result "1/2-1/2"]
[WhiteTitle "IM"]
[BlackTitle "GM"]
[WhiteElo "2476"]
[BlackElo "2626"]
[WhiteFideId "5801605"]
[BlackFideId "603767"]
[EventDate "2015.12.12"]

1. d4 a6 2. Nf3 e6 3. e4 d5 4. exd5 exd5 5. h3 Nc6 6. c3 Bd6 7. Bd3 Nge7 8. O-O
Bf5 9. Bxf5 Nxf5 10. Re1+ Nfe7 11. Bg5 f6 12. Bh4 Qd7 13. Bg3 Bxg3 14. fxg3
O-O-O 15. Nbd2 h5 16. Qe2 Nf5 17. Nf1 g5 18. Qe6 Rdf8 19. Qxd7+ Kxd7 20. g4 hxg4
21. hxg4 Nh6 22. Ne3 Ne7 23. Kf2 c6 24. Rh1 Ng6 25. Rh2 Nf7 26. Rah1 Rxh2 27.
Rxh2 Nd6 28. Rh7+ Rf7 29. Rxf7+ Nxf7 30. Nf5 Ne7 31. Nxe7 Kxe7 32. Nd2 Nd6 33.
Kf3 Ke6 34. Kf2 b6 35. Kf3 a5 36. Ke3 c5 37. a4 c4 38. Ke2 Nf7 39. Nf1 Nd6 40.
Ne3 b5 41. axb5 Nxb5 42. Nf5 a4 43. Kd2 Nd6 44. Nxd6 Kxd6 45. Ke3 Kc6 46. Kd2
Kb5 47. Kc2 Ka5 48. Kb1 Kb5 49. Kc2 Ka5 50. Kb1 Kb5 51. Kc2 Ka5 52. Kb1 Kb5 53.
Ka2 Ka5 54. Ka3 Kb5 55. Ka2 Ka5 56. Ka3 1/2-1/2

[Event "London Classic Superrapid"]
[Site "London ENG"]
[Date "2015.12.12"]
[Round "4.18"]
[White "Hector, Jonny"]
[Black "Pert, Nicholas"]
[Result "1-0"]
[WhiteTitle "GM"]
[BlackTitle "GM"]
[WhiteElo "2489"]
[BlackElo "2569"]
[WhiteFideId "1700090"]
[BlackFideId "403989"]
[EventDate "2015.12.12"]

1. e4 e6 2. d4 d5 3. Nc3 Bb4 4. Ne2 dxe4 5. a3 Be7 6. g4 h6 7. Bg2 Nf6 8. h3
Nbd7 9. Bf4 Nd5 10. Bg3 e3 11. Nxd5 exf2+ 12. Bxf2 exd5 13. Bxd5 Nf6 14. Bg2 c6
15. c4 Be6 16. Qc2 h5 17. O-O-O hxg4 18. hxg4 Rxh1 19. Rxh1 Nxg4 20. Nf4 Qd6 21.
Nxe6 Qxe6 22. d5 Qd6 23. Rh8+ Bf8 24. Qe2+ Ne5 25. dxc6 O-O-O 26. cxb7+ Kb8 27.
Bg3 f6 28. Bd5 Qc7 29. Kb1 Bd6 30. Rxd8+ Qxd8 31. Bf2 Bc7 32. Qe4 Qd7 33. Qh7
Nc6 34. Qe4 Ne5 35. Qh1 Ng6 36. Qg1 Qf5+ 37. Ka1 Bb6 38. Bxb6 axb6 39. Qxb6 Qd7
40. Qa5 1-0

[Event "London Classic Superrapid"]
[Site "London ENG"]
[Date "2015.12.12"]
[Round "4.19"]
[White "Gharamian, Tigran"]
[Black "Papp, Petra"]
[Result "1-0"]
[WhiteTitle "GM"]
[BlackTitle "WGM"]
[WhiteElo "2654"]
[BlackElo "2303"]
[WhiteFideId "13301527"]
[BlackFideId "739049"]
[EventDate "2015.12.12"]

1. e4 c5 2. Nf3 d6 3. Bb5+ Bd7 4. c4 Nf6 5. Nc3 g6 6. d4 cxd4 7. Nxd4 Bg7 8.
Bxd7+ Qxd7 9. b3 O-O 10. Bb2 Nc6 11. O-O Rfe8 12. Qd2 Rac8 13. Rfe1 a6 14. Nxc6
Qxc6 15. Nd5 Nxd5 16. exd5 Qd7 17. Bxg7 Kxg7 18. a4 Kg8 19. g3 Qc7 20. Re3 Rb8
21. Re4 b5 22. cxb5 axb5 23. a5 e5 24. dxe6 fxe6 25. b4 d5 26. Re3 Qd6 27. a6
Ra8 28. a7 d4 29. Rea3 e5 30. Ra5 Qd5 31. Qd3 Qc4 32. Qe4 Red8 33. Qxe5 d3 34.
Qxb5 Qxb5 35. Rxb5 d2 36. Rd1 Rxa7 37. Ra5 Rb7 38. Ra2 Rxb4 39. Raxd2 Rxd2 40.
Rxd2 Rb7 41. Kg2 Kg7 42. Kf3 Rb3+ 43. Ke4 h5 44. Rd3 Rb2 45. Kf3 Kf6 46. h3 Ra2
47. Rd6+ Kf5 48. g4+ hxg4+ 49. hxg4+ Kg5 50. Kg3 Ra3+ 51. f3 Rb3 52. Rd5+ Kf6
53. Kf4 Rb4+ 54. Ke3 Ra4 55. f4 Ke6 56. Re5+ Kf6 57. Kf3 Ra3+ 58. Re3 Ra4 59.
Rd3 Kf7 60. Kg3 Rb4 61. Rd7+ Kg8 62. Kf3 Ra4 63. Ke3 Rb4 64. Rd4 Rb3+ 65. Ke4
Kf7 66. Rc4 Rb7 67. Rc5 Ra7 68. Ke5 Re7+ 69. Kd5 Rd7+ 70. Ke4 Re7+ 71. Kf3 Ra7
72. Rc4 Rb7 73. Kg3 Kf6 74. Rc6+ Kg7 75. Kh4 Rb5 76. Rc7+ Kg8 77. Re7 Kf8 78.
Re5 Rb6 79. Kg5 Kf7 80. Rc5 Rb7 81. Kh6 Ra7 82. Rc6 Ra4 83. Rc7+ Kf6 84. g5+ Ke6
85. Kxg6 Rxf4 86. Kg7 Rg4 87. g6 Rg1 88. Ra7 Rg2 89. Kh7 Kf6 90. g7 Rh2+ 91. Kg8
Rb2 92. Ra6+ Kg5 93. Re6 Ra2 94. Kf7 Ra7+ 95. Re7 1-0

[Event "London Classic Superrapid"]
[Site "London ENG"]
[Date "2015.12.12"]
[Round "4.20"]
[White "Cherniaev, Alexander"]
[Black "Nguyen, Piotr"]
[Result "1/2-1/2"]
[WhiteTitle "GM"]
[WhiteElo "2441"]
[BlackElo "2329"]
[WhiteFideId "4117301"]
[BlackFideId "1127993"]
[EventDate "2015.12.12"]

1. e4 c5 2. Nc3 g6 3. f4 Bg7 4. Nf3 Nc6 5. Bb5 Nd4 6. Bc4 e6 7. d3 Ne7 8. Nxd4
cxd4 9. Ne2 d5 10. Bb3 dxe4 11. dxe4 Qb6 12. Qd3 Bd7 13. a4 Nc6 14. e5 Bf8 15.
Bd2 a5 16. O-O O-O-O 17. Bc4 Be7 18. Bb5 f5 19. exf6 Bxf6 20. Ng3 Be7 21. Kh1
Rhf8 22. Rae1 Kb8 23. b3 Nb4 24. Bxb4 Bxb4 25. Re4 Bxb5 26. axb5 Rd5 27. Rd1
Qxb5 28. Qxb5 Rxb5 29. Rdxd4 Bc3 30. Rc4 Rd5 31. h3 Bb4 32. Rxe6 Bd6 33. Ne2
Rd1+ 34. Kh2 b5 35. Rc6 Bc7 36. Rc5 b4 37. g3 Rfd8 38. Kg2 R8d2 39. Kf3 Rf1+ 40.
Ke3 Rd7 41. Rb5+ Ka7 42. h4 h6 43. Nd4 Re1+ 44. Kf3 Rf1+ 45. Ke3 Re1+ 46. Ne2
Rf1 47. h5 gxh5 48. Rxh5 Bb6+ 49. Ke4 Rd2 50. Kf5 Rxc2 51. Rhxh6 Bc7 52. Nd4
Rc5+ 53. Kg4 Rd1 54. Re4 Rd5 55. Ne6 Bd6 56. Ng7 a4 57. bxa4 b3 58. Nf5 b2 59.
Nxd6 Rxd6 1/2-1/2

[Event "London Classic Superrapid"]
[Site "London ENG"]
[Date "2015.12.12"]
[Round "5.1"]
[White "Ghasi, Ameet K"]
[Black "Howell, David W L"]
[Result "0-1"]
[WhiteTitle "IM"]
[BlackTitle "GM"]
[WhiteElo "2469"]
[BlackElo "2693"]
[WhiteFideId "409200"]
[BlackFideId "410608"]
[EventDate "2015.12.12"]

1. Nf3 d5 2. g3 g6 3. Bg2 Bg7 4. d4 Nf6 5. O-O O-O 6. c4 dxc4 7. Na3 c3 8. bxc3
c5 9. e3 Nc6 10. Qe2 Bf5 11. Rd1 Qb6 12. Nc4 Qa6 13. Bf1 Rfd8 14. a4 Na5 15.
Nfd2 Ne4 16. Nxe4 Bxe4 17. Nxa5 Qxa5 18. Ba3 cxd4 19. Bb4 Qf5 20. cxd4 Bf3 21.
Qd2 Bxd1 22. Rxd1 e6 23. Bg2 Rd7 24. a5 Rc8 25. Rc1 Rdc7 26. Rxc7 Rxc7 27. Bc5
Qb1+ 28. Bf1 b6 29. axb6 axb6 30. Bd6 Rc1 31. Qe2 Bf8 32. Be5 Bg7 33. Bf4 h5 34.
h4 Bf6 35. Kg2 e5 36. dxe5 Bxe5 37. Bg5 Kg7 38. e4 Re1 39. Qd3 Qxd3 40. Bxd3 Bd4
41. Bf4 Ra1 42. Kf3 Ra3 0-1

[Event "London Classic Superrapid"]
[Site "London ENG"]
[Date "2015.12.12"]
[Round "5.2"]
[White "Jones, Gawain C B"]
[Black "Melkumyan, Hrant"]
[Result "0-1"]
[WhiteTitle "GM"]
[BlackTitle "GM"]
[WhiteElo "2615"]
[BlackElo "2632"]
[WhiteFideId "409561"]
[BlackFideId "13302485"]
[EventDate "2015.12.12"]

1. c4 c5 2. Nf3 Nc6 3. Nc3 Nf6 4. g3 g6 5. Bg2 Bg7 6. O-O O-O 7. d4 cxd4 8. Nxd4
d6 9. h3 Bd7 10. Nc2 Qc8 11. Kh2 Ne5 12. b3 Neg4+ 13. Kg1 Ne5 14. g4 h5 15. f4
Nc6 16. g5 Ne8 17. Qd3 Nc7 18. Bb2 a5 19. Rab1 Nb4 20. Nxb4 axb4 21. Nd5 Nxd5
22. Bxd5 Bf5 23. e4 Bxh3 24. Rf2 Qg4+ 25. Kh2 Qh4 26. Qg3 Qxg3+ 27. Kxg3 Bc8 28.
Bxg7 Kxg7 29. e5 dxe5 30. fxe5 Ra5 31. Re1 b6 32. Kf4 Rd8 33. Rd1 Bg4 34. Rdd2
Rc8 35. Be4 Be6 36. Bd5 Bg4 37. Bf3 Bxf3 38. Rxf3 Rcc5 39. Re3 b5 40. cxb5 Raxb5
41. Re4 Rc1 42. Rd7 Rf1+ 43. Kg3 e6 44. Rf4 Rxf4 45. Kxf4 Rd5 46. Rb7 Ra5 47.
Rxb4 Rxa2 48. Kf3 Ra1 49. Kf2 Rb1 50. Rb8 Rd1 51. Rb4 Rd3 52. Kg2 Re3 53. Rb5
Re4 54. Kf3 Rg4 55. b4 Rxg5 56. Rc5 Rg4 57. Rb5 g5 58. Rb8 Rf4+ 59. Ke3 h4 60.
b5 h3 61. Ra8 Rb4 62. Ra2 Rxb5 63. Ke4 Rb4+ 64. Kf3 Rh4 65. Rh2 Kg6 66. Kg3 Kf5 0-1